Statistics for 50 Highest Paid Hollywood Actors Alive

Click here to take the quiz!

General Stats

  • This quiz has been taken 445 times
  • The average score is 25 of 50

Answer Stats

Earnings & ClueAnswer% Correct
$792 Million - The FirmTom Cruise
88%
$510 Million - The AviatorLeonardo DiCaprio
83%
$663 Million - TerminalTom Hanks
77%
$1.35 Billion - Raging BullRobert DeNiro
76%
$132 Million - I, RobotWill Smith
76%
$236 Million - 12 MonkeysBrad Pitt
72%
$628 Million - Malcolm XDenzel Washington
71%
$107 Million - The Fast & The FuriousVin Diesel
69%
$327 Million - Sweeney ToddJohnny Depp
68%
$92 Million - The Talented Mr. RipleyMatt Damon
68%
$380 Million - ZoolanderBen Stiller
66%
$84 Million - Rush HourJackie Chan
66%
$914 Million - Jackie BrownSamuel L. Jackson
66%
$682 Million - ChaplinRobert Downey Jr.
65%
$839 Million - Air Force OneHarrison Ford
64%
$279 Million - Schindlers ListLiam Neeson
61%
$577 Million - Donnie BrascoAl Pacino
60%
$255 Million - Liar LiarJim Carrey
60%
$820 Million - ChinatownJack Nicholson
59%
$362 Million - Sin CityBruce Willis
57%
$164 Million - The Wedding SingerAdam Sandler
56%
$405 Million - UnforgivenClint Eastwood
55%
$81 Million - MilkSean Penn
52%
$130 Million - First BloodSylvester Stallone
52%
$114 Million - ArmageddonBen Affleck
51%
$143 Million - TootsieDustin Hoffman
50%
$122 Million - G.I. JoeDwayne Johnson
50%
$753 Million - UnforgivenMorgan Freeman
50%
$461 Million - Dr. NoSean Connery
50%
$707 Million - From Dusk Till DawnGeorge Clooney
49%
$89 Million - Devil’s AdvocateKeanu Reeves
45%
$79 Million - Bridget Jones DiaryColin Firth
44%
$270 Million - True LiesArnold Schwarzenegger
43%
$191 Million - JFKKevin Costner
41%
$383 Million - MaverickMel Gibson
40%
$160 Million - The DepartedMark Wahlberg
39%
$97 Million - Butch Cassidy & The Sundance KidRobert Redford
39%
$151 Million - X MenIan McKellen
38%
$79 Million - Jerry MaguireCuba Gooding Jr.
36%
$86 Million - Major LeagueCharlie Sheen
34%
$95 Million - The Butterfly EffectAshton Kutcher
32%
$117 Million - Golden ChildEddie Murphy
32%
$179 Million - Cider House RulesMichael Caine
31%
$204 Million - The Deer HunterChristopher Walken
29%
$102 Million - The Woman In BlackDaniel Radcliffe
29%
$90 Million - Training DayEthan Hawke
28%
$77 Million - Thin Red LineJohn Travolta
22%
$75 Million - Apocalypse NowRobert Duvall
19%
$108 Million - Lord Of The RingsSean Bean
15%
$194 Million - Mad About YouJerry Seinfeld
2%

Score Distribution

Percentile by Number Answered

Percent of People with Each Score

Your Score History

You have not taken this quiz